000 00693nam a2200241 i 4500
003 DO-SdBNP
005 20260204122023.0
007 ta
008 260204s2012 dr o 000 0 spa d
040 _aDO-SdBNP
_bspa
_cBNPHU
_erda
041 _aspa
082 _axxx
_bI598
_222
100 _911765
245 1 _aInstructional guide english 1 :
_bequipo de guias didácticas
264 1 _aSanto Domingo :
_bUniversidad Nacional Tecnológica, UNNATEC,
_c2012
300 _a64 páginas ;
_c27 cm.
336 _2rdacontent
_atexto
_btxt
337 _2rdamedia
_asin mediación
_bn
338 _2rdacarrier
_avolumen
_bnc
590 _aInventariado, 2026/DG
910 _aDG
942 _2ddc
_cLBS1
999 _c60218
_d60218